000 00519nam a2200169 4500
999 _c4659
_d4659
008 160919b xxu||||| |||| 00| 0 eng d
022 _a2094-8042
082 _aDPer 370.105 M72 Jan-Dec 2012 v. 60-61
100 _914869
_aCagaoan, Jose D.
243 _a
245 _aAng batas ng scout/
_cJose D. Cagaoan.
260 _aPhilippines:
_bIn the Grade School, Inc.,
_c©2012.
300 _av61 n5, page 196;
_c28 cm.
500 _aThe Modern Teacher.
650 0 _919465
_aScouts and scouting
942 _2ddc
_cPER